[Event "Junior Online 4NCL Division 5"]
[Site "online"]
[Date "2021.03.04"]
[EventDate "2021.03.04"]
[Round "4.16"]
[White "Ryan, Tabitha"]
[WhiteElo "1435"]
[WhiteTeam "Young Dragons B"]
[Black "Rybak, Teo"]
[BlackElo "1780"]
[BlackTeam "Berkshire Bishops"]
[Result "1-0"]
[PlyCount "51"]

1. d4 Nf6 2. Nf3 g6 3. Bf4 Bg7 4. c3 O-O 5. e3 d6 6. Nbd2 Nbd7 7. h3 Qe8 8. Be2 e5 9. dxe5 dxe5 10. Bh2 Qe7 11. e4 c6 12. O-O Ne8 13. Qc2 Nd6 14. Nc4 Nc5 15. Nxd6 Qxd6 16. Rad1 Qe7 17. Rd2 b6 18. Rfd1 f5 19. Bd3 f4 20. Bc4+ Be6 21. Bxe6+ Qxe6 22. Rd6 Qc8 23. b4 Nb7 24. Qb3+ Kh8 25. Rd7 Rd8 26. Qf7 1-0

[Event "Junior Online 4NCL Division 5"]
[Site "online"]
[Date "2021.03.04"]
[EventDate "2021.03.04"]
[Round "4.17"]
[White "Khoury, Theo"]
[WhiteElo "1645"]
[WhiteTeam "Berkshire Bishops"]
[Black "Challoner, Ethan"]
[BlackElo "1300"]
[BlackTeam "Young Dragons B"]
[Result "1-0"]
[PlyCount "107"]

1. e4 e5 2. Nf3 Nc6 3. d4 exd4 4. Nxd4 Bc5 5. Nxc6 Qf6 6. Qf3 Qxf3 7. gxf3 dxc6 8. Be3 Bxe3 9. fxe3 Nf6 10. Bc4 Bh3 11. Nc3 O-O 12. Ke2 Be6 13. Bd3 Rfd8 14. Rhg1 c5 15. b3 c6 16. a4 a6 17. a5 Ne8 18. Na4 c4 19. bxc4 Nd6 20. Nb6 Rab8 21. Rg3 g6 22. h4 h5 23. Rd1 Nc8 24. c5 Nxb6 25. cxb6 Rd7 26. Rgg1 Rbd8 27. Rb1 c5 28. e5 c4 29. Be4 Bd5 30. Bxd5 Rxd5 31. Rgd1 Kf8 32. e4 Rxd1 33. Rxd1 Rxd1 34. Kxd1 Ke7 35. Kd2 Ke6 36. f4 f6 37. exf6 Kxf6 38. Kc3 Ke6 39. Kxc4 Kd6 40. Kd4 Ke6 41. c4 Kd6 42. c5+ Kc6 43. Kc4 Kd7 44. Kd5 Ke7 45. c6 bxc6+ 46. Kxc6 g5 47. fxg5 Ke6 48. b7 Ke5 49. b8=Q+ Kd4 50. g6 Kxe4 51. g7 Kf5 52. g8=Q Ke4 53. Qd5+ Ke3 54. Qg3+ 1-0

[Event "Junior Online 4NCL Division 5"]
[Site "online"]
[Date "2021.03.04"]
[EventDate "2021.03.04"]
[Round "4.18"]
[White "Caesar, Isabella"]
[WhiteElo "1255"]
[WhiteTeam "Young Dragons B"]
[Black "Ramesh, Eshitha"]
[BlackElo "1285"]
[BlackTeam "Berkshire Bishops"]
[Result "1-0"]
[PlyCount "149"]

1. e4 c5 2. Nf3 d6 3. d4 cxd4 4. Qxd4 Nc6 5. Qd1 e5 6. Bc4 h6 7. Be3 Nf6 8. O-O Be7 9. Nc3 O-O 10. Re1 b6 11. Bd5 Bb7 12. Bxc6 Bxc6 13. Nd5 Nxe4 14. Nxe7+ Qxe7 15. h3 Nf6 16. b3 Rfd8 17. c4 Qb7 18. Nh4 Qd7 19. Rc1 Rab8 20. Nf3 Qb7 21. Nh4 Qe7 22. Rc3 Rb7 23. Nf5 Qe6 24. g4 Be4 25. Ng3 Bc6 26. Qd2 Ne4 27. Nxe4 Bxe4 28. Bxh6 Qxh6 29. Qxh6 gxh6 30. Rxe4 Rc7 31. Kg2 f6 32. f4 d5 33. Rd3 Kg7 34. Rxd5 Rxd5 35. cxd5 Rc2+ 36. Kg3 Rd2 37. fxe5 fxe5 38. Rxe5 Rd3+ 39. Kf4 Kf6 40. Ke4 Rd1 41. Re6+ Kf7 42. Ke5 b5 43. Kd6 Ra1 44. Re7+ Kf6 45. Kd7 Rxa2 46. d6 a5 47. Re6+ Kf7 48. Rxh6 a4 49. bxa4 bxa4 50. Rh7+ Kf6 51. Ke8 a3 52. d7 Re2+ 53. Kf8 Rd2 54. Rf7+ Ke6 55. Re7+ Kf6 56. Ke8 a2 57. Re1 a1=Q 58. Rxa1 Re2+ 59. Kf8 Rd2 60. Ra7 Ke6 61. Ke8 Kf6 62. d8=Q+ Kg6 63. Qxd2 Kf6 64. Qb2+ Kg5 65. Qb5+ Kh4 66. Qh5+ Kg3 67. Ra3+ Kf4 68. Qh6+ Ke4 69. Qe3+ Kd5 70. Ra5+ Kc4 71. Qf4+ Kd3 72. Ra3+ Kc2 73. Qf2+ Kb1 74. Re3 Kc1 75. Re1# 1-0

[Event "Junior Online 4NCL Division 5"]
[Site "online"]
[Date "2021.03.04"]
[EventDate "2021.03.04"]
[Round "4.21"]
[White "Sanger, Jake M"]
[WhiteElo "2343"]
[WhiteTeam "Lenzie Basilisks"]
[Black "Popovici, Serena"]
[BlackElo "1250"]
[BlackTeam "Colchester Juniors C"]
[Result "1-0"]
[PlyCount "61"]

1. d4 d5 2. Bf4 Nc6 3. e3 Bf5 4. Nf3 Nf6 5. c4 e6 6. Nc3 dxc4 7. Bxc4 Nb4 8. Rc1 Qe7 9. O-O O-O-O 10. Qa4 a6 11. a3 Nd3 12. Bxd3 Bxd3 13. Rfd1 Be4 14. Nxe4 Nxe4 15. Rxc7+ Qxc7 16. Bxc7 Kxc7 17. Qc2+ Kb8 18. Qxe4 f5 19. Qxe6 g6 20. Ne5 Bd6 21. Nf7 Rhe8 22. Qb3 Rd7 23. Nxd6 Rxd6 24. Rc1 f4 25. Qc3 Rde6 26. d5 Rd6 27. Qc7+ Ka7 28. Qxd6 fxe3 29. fxe3 Rxe3 30. Qc5+ b6 31. Qxe3 1-0

[Event "Junior Online 4NCL Division 5"]
[Site "online"]
[Date "2021.03.04"]
[EventDate "2021.03.04"]
[Round "4.22"]
[White "Shiva, Shrishti"]
[WhiteElo "1235"]
[WhiteTeam "Colchester Juniors C"]
[Black "Moroz, Michael"]
[BlackElo "1330"]
[BlackTeam "Lenzie Basilisks"]
[Result "1-0"]
[PlyCount "71"]

1. e4 e5 2. Nf3 Nc6 3. Bc4 Bc5 4. Nc3 Nf6 5. d3 h6 6. Na4 Be7 7. Nc3 d6 8. h3 O-O 9. O-O Be6 10. Bb3 Bxb3 11. axb3 d5 12. exd5 Nxd5 13. Nxd5 Qxd5 14. Be3 f5 15. Re1 f4 16. Bd2 Bd6 17. Bc3 b5 18. Re4 b4 19. Bd2 Bc5 20. Kf1 Nd4 21. Rxe5 Qd6 22. Re4 Nxf3 23. Qxf3 Qf6 24. Rxf4 Qxb2 25. Rc1 g5 26. Rxf8+ Rxf8 27. Qd5+ Rf7 28. Qxc5 Qf6 29. Bxb4 g4 30. hxg4 Qh4 31. Qe3 Qh1+ 32. Ke2 Qxg2 33. Qe8+ Kg7 34. Bc3+ Kg6 35. Qg8+ Rg7 36. Qxg7# 1-0

[Event "Junior Online 4NCL Division 5"]
[Site "online"]
[Date "2021.03.04"]
[EventDate "2021.03.04"]
[Round "4.23"]
[White "Kitaev, Daniel"]
[WhiteElo "1405"]
[WhiteTeam "Lenzie Basilisks"]
[Black "Chung, Vince"]
[BlackElo "1202"]
[BlackTeam "Colchester Juniors C"]
[Result "1-0"]
[PlyCount "91"]

1. c4 c5 2. Nc3 Nc6 3. g3 d6 4. Bg2 Nf6 5. e3 g6 6. Nge2 Bg7 7. d4 b6 8. d5 Nb8 9. O-O O-O 10. Qc2 Bb7 11. Nf4 e6 12. dxe6 Bxg2 13. Kxg2 Qe7 14. exf7+ Qxf7 15. Nfd5 Nbd7 16. Bd2 Ne5 17. b3 Nxd5 18. Nxd5 Qf3+ 19. Kg1 Qg4 20. Bc3 Nf3+ 21. Kg2 Nh4+ 22. Kg1 Nf3+ 23. Kg2 Qh5 24. h3 Qg5 25. Bxg7 Nh4+ 26. Kh1 Kxg7 27. Qc3+ Kg8 28. gxh4 Qxh4 29. Kg2 Qg5+ 30. Kh2 Rf3 31. Nf4 Rf8 32. Qd2 Qh6 33. Qd5+ Kh8 34. Qxf3 g5 35. Qg3 gxf4 36. exf4 Rxf4 37. Rae1 Rf5 38. Re8+ Rf8 39. Rfe1 a5 40. Rxf8+ Qxf8 41. Rg1 h6 42. Qc3+ Kh7 43. Rg2 Qf4+ 44. Qg3 Qf7 45. Qg4 Qe7 46. Qg8# 1-0

[Event "Junior Online 4NCL Division 5"]
[Site "online"]
[Date "2021.03.04"]
[EventDate "2021.03.04"]
[Round "4.24"]
[White "He, Kingsley"]
[WhiteElo "834"]
[WhiteTeam "Colchester Juniors C"]
[Black "Wilson, Florence"]
[BlackElo "1360"]
[BlackTeam "Lenzie Basilisks"]
[Result "0-1"]
[PlyCount "42"]

1. e4 e5 2. Nf3 Nc6 3. Bc4 Bc5 4. c3 Nf6 5. d3 O-O 6. Nbd2 d6 7. Nb3 Bb6 8. d4 exd4 9. cxd4 Nxe4 10. O-O Bg4 11. Bd3 Nf6 12. h3 Bh5 13. Bc2 Re8 14. Qd3 Nb4 15. Qc3 Nxc2 16. Qxc2 Bxf3 17. gxf3 Qd7 18. Bg5 Qxh3 19. Bxf6 gxf6 20. Qd3 Kh8 21. Rae1 Rg8+ 0-1

[Event "Junior Online 4NCL Division 5"]
[Site "online"]
[Date "2021.03.04"]
[EventDate "2021.03.04"]
[Round "4.25"]
[White "Popovici, Serena"]
[WhiteElo "1250"]
[WhiteTeam "Colchester Juniors C"]
[Black "Sanger, Jake M"]
[BlackElo "2343"]
[BlackTeam "Lenzie Basilisks"]
[Result "0-1"]
[PlyCount "104"]

1. e4 e6 2. d4 d5 3. e5 c5 4. c3 Nc6 5. Be3 Bd7 6. Nf3 Qb6 7. Qd2 Nge7 8. dxc5 Qc7 9. Be2 Ng6 10. O-O Ncxe5 11. Nxe5 Nxe5 12. Bf4 Bxc5 13. Na3 Bd6 14. g3 O-O 15. Rad1 Bc6 16. c4 Nxc4 17. Nxc4 Bxf4 18. gxf4 dxc4 19. Bxc4 Rad8 20. Qe3 Qa5 21. f3 b6 22. Rxd8 Rxd8 23. Bxe6 Re8 24. Bxf7+ Kxf7 25. Qb3+ Qd5 26. Qxd5+ Bxd5 27. a3 Re2 28. b4 Kf6 29. Rf2 Rxf2 30. Kxf2 Kf5 31. Ke3 Bb7 32. a4 h5 33. h4 Bc6 34. b5 Bb7 35. Kf2 Kxf4 36. Kg2 Bxf3+ 37. Kf2 Bd1 38. Ke1 Bxa4 39. Kf2 Bxb5 40. Kg2 a5 41. Kf2 a4 42. Ke1 a3 43. Kd1 a2 44. Kc2 a1=Q 45. Kb3 Qa4+ 46. Kc3 Qc4+ 47. Kd2 Qd3+ 48. Kc1 Qe2 49. Kb1 Bc4 50. Kc1 Bb3 51. Kb1 Qc2+ 52. Ka1 Qc1# 0-1

[Event "Junior Online 4NCL Division 5"]
[Site "online"]
[Date "2021.03.04"]
[EventDate "2021.03.04"]
[Round "4.26"]
[White "Moroz, Michael"]
[WhiteElo "1330"]
[WhiteTeam "Lenzie Basilisks"]
[Black "Shiva, Shrishti"]
[BlackElo "1235"]
[BlackTeam "Colchester Juniors C"]
[Result "0-1"]
[PlyCount "94"]

1. e4 e5 2. Nf3 Nc6 3. Bc4 Bc5 4. Nxe5 Nxe5 5. d4 Nxc4 6. dxc5 d6 7. Qd4 Ne5 8. f4 Nc6 9. Qxg7 Qf6 10. Qg3 Nd4 11. Na3 dxc5 12. Bd2 Bd7 13. Bc3 O-O-O 14. Qe3 Bc6 15. O-O-O Qe6 16. Kb1 Qxe4 17. Qh3+ Kb8 18. Rhe1 Qxg2 19. Qxg2 Bxg2 20. Nb5 Bf3 21. Rd3 Bc6 22. Nxd4 cxd4 23. Red1 Ne7 24. Bxd4 Rhe8 25. Bxa7+ Kc8 26. Bd4 Nf5 27. Bf6 Rxd3 28. Rh1 Bxh1 29. cxd3 Re1+ 30. Kc2 Re2+ 31. Kc3 Rxh2 32. a4 Rh6 33. Bd4 Nxd4 34. Kxd4 Rd6+ 35. Ke5 Rxd3 36. b4 Rd5+ 37. Kf6 Rd4 38. b5 Rxf4+ 39. Ke7 Rxa4 40. b6 cxb6 41. Kf8 f5 42. Kg8 f4 43. Kg7 f3 44. Kf6 f2 45. Ke6 f1=Q 46. Ke7 Re4+ 47. Kd6 Qd3# 0-1

[Event "Junior Online 4NCL Division 5"]
[Site "online"]
[Date "2021.03.04"]
[EventDate "2021.03.04"]
[Round "4.27"]
[White "Chung, Vince"]
[WhiteElo "1202"]
[WhiteTeam "Colchester Juniors C"]
[Black "Kitaev, Daniel"]
[BlackElo "1405"]
[BlackTeam "Lenzie Basilisks"]
[Result "0-1"]
[PlyCount "92"]

1. e4 d5 2. exd5 Nf6 3. Nc3 Nxd5 4. Nxd5 Qxd5 5. Nf3 Bg4 6. Be2 Nc6 7. d3 O-O-O 8. O-O e5 9. h3 Bh5 10. c4 Qd7 11. a3 Bxf3 12. Bxf3 Qxd3 13. Qa4 Nd4 14. Bg4+ f5 15. Rd1 Qe4 16. Bh5 g6 17. Qxa7 b6 18. Qa6+ Qb7 19. Qa4 gxh5 20. Bg5 Rd7 21. Qb4 Rg8 22. Qc3 Ne2+ 23. Kf1 Nxc3 24. bxc3 Rxg5 25. Rxd7 Qxg2+ 26. Ke2 Kxd7 27. Rd1+ Kc8 28. a4 e4 29. Rd4 Qf3+ 30. Kf1 Qd3+ 31. Rxd3 exd3 32. Ke1 f4 33. Kd2 Rc5 34. Kxd3 Bg7 35. f3 Ra5 36. Ke4 Rxa4 37. Kxf4 Rxc4+ 38. Ke3 Rxc3+ 39. Kf2 b5 40. f4 b4 41. f5 b3 42. Ke2 Bf6 43. Kd2 b2 44. Ke2 b1=Q 45. Kf2 Qb2+ 46. Kf1 Rc1# 0-1

[Event "Junior Online 4NCL Division 5"]
[Site "online"]
[Date "2021.03.04"]
[EventDate "2021.03.04"]
[Round "4.28"]
[White "Wilson, Florence"]
[WhiteElo "1360"]
[WhiteTeam "Lenzie Basilisks"]
[Black "He, Kingsley"]
[BlackElo "834"]
[BlackTeam "Colchester Juniors C"]
[Result "1-0"]
[PlyCount "89"]

1. e4 e5 2. Nf3 Nc6 3. Bc4 Bc5 4. b4 Bxb4 5. c3 Bd6 6. d4 exd4 7. cxd4 Bb4+ 8. Nbd2 d5 9. Bxd5 Nf6 10. Bxc6+ bxc6 11. O-O Bg4 12. Qb3 Bxd2 13. Bxd2 Bxf3 14. Qxf3 Qxd4 15. Rad1 Qe5 16. Bf4 Qxe4 17. Rfe1 Qxe1+ 18. Rxe1+ Kf8 19. Qxc6 Rc8 20. Qc5+ Kg8 21. Qxa7 Nh5 22. Bxc7 g6 23. Be5 Ng7 24. Bxg7 Kxg7 25. Qd4+ Kh6 26. Qf4+ Kg7 27. h3 Rce8 28. Rxe8 Rxe8 29. Qd4+ Kg8 30. a4 Ra8 31. Qb4 Kg7 32. a5 h5 33. Qb6 Kh6 34. a6 f5 35. a7 Rh8 36. Qb7 Kg5 37. a8=Q Rh6 38. Qd8+ Kf4 39. Qb4+ Ke5 40. Qbd4+ Ke6 41. Qe3+ Kf7 42. Qxh6 Ke6 43. Qxg6+ Ke5 44. Qdd6+ Ke4 45. Qge6# 1-0

[Event "Junior Online 4NCL Division 5"]
[Site "online"]
[Date "2021.03.04"]
[EventDate "2021.03.04"]
[Round "4.31"]
[White "Longia-Zaidi, Ismail"]
[WhiteElo "1608"]
[WhiteTeam "Desert Penguins Saturn"]
[Black "Shi, Shaoquan"]
[BlackElo "1513"]
[BlackTeam "London Dragons Kings"]
[Result "0-1"]
[PlyCount "120"]

1. d4 Nf6 2. c4 g6 3. Nc3 Bg7 4. g3 d6 5. Bg2 Nbd7 6. Nf3 O-O 7. O-O c5 8. d5 b6 9. e4 Ba6 10. b3 Nxe4 11. Nxe4 Bxa1 12. Bg5 Bg7 13. Ned2 f6 14. Bf4 Ne5 15. Qe2 Bc8 16. Nxe5 dxe5 17. Be3 Bf5 18. Rd1 Qd7 19. d6 exd6 20. Bxa8 Rxa8 21. Qe1 Bd3 22. Nf3 e4 23. Nd2 f5 24. Bf4 d5 25. cxd5 Qxd5 26. Nc4 b5 27. Ne3 Qc6 28. Rc1 Bb2 29. Rd1 Ba3 30. Qc3 b4 31. Qe5 Re8 32. Qa1 Rf8 33. Bh6 Qf6 34. Bxf8 Qxa1 35. Rxa1 Kxf8 36. Nd5 Bb2 37. Rd1 Bd4 38. Nf4 Ke7 39. Nxd3 exd3 40. Rxd3 Ke6 41. Kf1 Ke5 42. Ke2 Ke4 43. f3+ Ke5 44. Rd2 Kd5 45. Rd3 c4 46. bxc4+ Kxc4 47. Rxd4+ Kxd4 48. Kd2 a5 49. Kc2 a4 50. Kd2 b3 51. axb3 axb3 52. Kc1 Kc3 53. Kb1 b2 54. h3 h6 55. g4 fxg4 56. fxg4 g5 57. h4 gxh4 58. g5 hxg5 59. Ka2 Kc2 60. Ka3 b1=Q 0-1

[Event "Junior Online 4NCL Division 5"]
[Site "online"]
[Date "2021.03.04"]
[EventDate "2021.03.04"]
[Round "4.32"]
[White "Zhu, Pengxiao"]
[WhiteElo "1411"]
[WhiteTeam "London Dragons Kings"]
[Black "Dane, Antony"]
[BlackElo "1382"]
[BlackTeam "Desert Penguins Saturn"]
[Result "1-0"]
[PlyCount "101"]

1. d4 d5 2. c4 e6 3. Nf3 Nf6 4. Bf4 Be7 5. Nc3 O-O 6. e3 Nbd7 7. Bd3 dxc4 8. Bxc4 a6 9. O-O b5 10. Bd3 Bb7 11. Re1 c5 12. a3 c4 13. Be2 Qb6 14. b4 cxb3 15. Qxb3 Rac8 16. Rac1 Qa5 17. a4 Bxf3 18. Bxf3 bxa4 19. Qxa4 Bb4 20. Qxa5 Bxa5 21. Ne4 Bxe1 22. Rxe1 Nxe4 23. Bxe4 Nf6 24. Bb7 Rc2 25. Bxa6 Nd5 26. Bd6 Rd8 27. Bg3 Rd7 28. Rb1 h6 29. Bd3 Rc8 30. Ba6 Ra8 31. Bd3 Rda7 32. h3 Ra1 33. Rxa1 Rxa1+ 34. Kh2 Ra2 35. e4 Nc3 36. e5 Rd2 37. Ba6 Rxd4 38. h4 Ne4 39. f3 Nxg3 40. Kxg3 Rd5 41. f4 Kh7 42. Bb7 Rd3+ 43. Kh2 Kg6 44. Be4+ Kh5 45. Bxd3 Kxh4 46. g3+ Kg4 47. Be2+ Kf5 48. Kg2 g5 49. Kf3 gxf4 50. gxf4 h5 51. Bd3# 1-0

[Event "Junior Online 4NCL Division 5"]
[Site "online"]
[Date "2021.03.04"]
[EventDate "2021.03.04"]
[Round "4.33"]
[White "Bharat Kumar, Balahari"]
[WhiteElo "1217"]
[WhiteTeam "Desert Penguins Saturn"]
[Black "Xu, Jiarui"]
[BlackElo "1452"]
[BlackTeam "London Dragons Kings"]
[Result "1/2-1/2"]
[PlyCount "167"]

1. d4 d5 2. c4 e6 3. Nc3 Nf6 4. Bg5 Be7 5. e3 h6 6. Bh4 O-O 7. Nf3 Nc6 8. cxd5 Nxd5 9. Bxe7 Ncxe7 10. e4 Nxc3 11. bxc3 b6 12. Bd3 Bb7 13. O-O Nc6 14. Rb1 Qd7 15. d5 exd5 16. exd5 Ne7 17. c4 Rad8 18. Ne5 Qd6 19. Re1 c6 20. dxc6 Nxc6 21. Nxc6 Qxc6 22. f3 Qc5+ 23. Kh1 Qa3 24. Rb3 Qxa2 25. Qb1 Qxb1 26. Bxb1 Rfe8 27. Rc1 Rc8 28. Bd3 Kf8 29. Kg1 Rc5 30. Kf2 Rec8 31. Re1 Re8 32. Rc1 Rec8 33. Ra1 Ra8 34. Rba3 a5 35. Rb1 Ra6 36. Rab3 a4 37. Rxb6 Rxb6 38. Rxb6 Bc8 39. Rb8 Ke7 40. Ra8 Bd7 41. Ra7 Kd6 42. Ke3 f6 43. Kd2 Rh5 44. h3 Rg5 45. Bf1 h5 46. Kc3 Rg3 47. Ra6+ Ke7 48. Kb4 g5 49. c5 g4 50. f4 gxh3 51. gxh3 Rb3+ 52. Ka5 Rf3 53. Bb5 Bxb5 54. Kxb5 Rxf4 55. c6 Kd6 56. Kb6 Rb4+ 57. Ka5 Rh4 58. Rb6 Rxh3 59. Kxa4 Kc7 60. Ra6 Rh4+ 61. Kb5 Rh1 62. Ra7+ Kb8 63. Rb7+ Kc8 64. Kc5 Rc1+ 65. Kd6 Rd1+ 66. Ke7 f5 67. Rd7 Re1+ 68. Kd6 Rd1+ 69. Ke7 Re1+ 70. Kd6 f4 71. Rf7 Rd1+ 72. Ke6 Re1+ 73. Kd6 Rd1+ 74. Ke5 f3 75. Rxf3 Kc7 76. Rf6 Rc1 77. Kd5 h4 78. Rf7+ Kc8 79. Rh7 Rd1+ 80. Ke6 Re1+ 81. Kd6 Rd1+ 82. Ke6 Re1+ 83. Kd6 Rd1+ 84. Ke6 1/2-1/2

[Event "Junior Online 4NCL Division 5"]
[Site "online"]
[Date "2021.03.04"]
[EventDate "2021.03.04"]
[Round "4.34"]
[White "Fang, Moyao"]
[WhiteElo "1367"]
[WhiteTeam "London Dragons Kings"]
[Black "Mo, Alex"]
[BlackElo "1285"]
[BlackTeam "Desert Penguins Saturn"]
[Result "1-0"]
[PlyCount "69"]

1. e4 c5 2. Nf3 d6 3. d4 cxd4 4. Nxd4 Nf6 5. Nc3 a6 6. f3 e6 7. Be3 b5 8. Qd2 Bb7 9. Be2 Nbd7 10. O-O Be7 11. Rfd1 O-O 12. Rac1 Qb6 13. Nxe6 Nc5 14. Nxf8 Rxf8 15. b4 Ncxe4 16. Bxb6 Nxd2 17. Rxd2 Rc8 18. Nb1 Nd5 19. Ba5 Bg5 20. Rxd5 Bxd5 21. Rd1 Bxa2 22. Bd3 d5 23. g3 Be3+ 24. Kf1 d4 25. h4 h6 26. Bb6 Rc6 27. Bc5 Rf6 28. Be4 Bc4+ 29. Kg2 Be2 30. Re1 Bc4 31. Na3 Ba2 32. c3 Bd2 33. Re2 dxc3 34. Bc2 Bd5 35. Re8# 1-0

[Event "Junior Online 4NCL Division 5"]
[Site "online"]
[Date "2021.03.04"]
[EventDate "2021.03.04"]
[Round "4.35"]
[White "Shi, Shaoquan"]
[WhiteElo "1513"]
[WhiteTeam "London Dragons Kings"]
[Black "Longia-Zaidi, Ismail"]
[BlackElo "1608"]
[BlackTeam "Desert Penguins Saturn"]
[Result "1-0"]
[PlyCount "83"]

1. d4 Nf6 2. c4 e6 3. Nc3 Bb4 4. Bd2 O-O 5. a3 Bxc3 6. Bxc3 Ne4 7. Qd3 f5 8. f3 Nf6 9. e3 b6 10. Ne2 Ba6 11. b4 d6 12. b5 Bb7 13. Nf4 Qe7 14. Be2 c5 15. dxc5 dxc5 16. Rd1 Nbd7 17. O-O Rad8 18. Qc2 e5 19. Nh3 e4 20. f4 Kh8 21. Rd2 Ng4 22. Bxg4 fxg4 23. Nf2 Nf6 24. Rfd1 Rde8 25. Bxf6 Qxf6 26. Nxg4 Qg6 27. Ne5 Qh6 28. Rd6 Qh5 29. g4 Qh3 30. Re1 Qh4 31. Qf2 Qxf2+ 32. Kxf2 Rxe5 33. Rd7 Ba8 34. Red1 Ree8 35. Rxa7 h6 36. Rdd7 Rg8 37. h4 Ref8 38. g5 hxg5 39. hxg5 Rd8 40. g6 Rdf8 41. Rd1 Rf6 42. Rh1# 1-0

[Event "Junior Online 4NCL Division 5"]
[Site "online"]
[Date "2021.03.04"]
[EventDate "2021.03.04"]
[Round "4.36"]
[White "Dane, Antony"]
[WhiteElo "1382"]
[WhiteTeam "Desert Penguins Saturn"]
[Black "Zhu, Pengxiao"]
[BlackElo "1411"]
[BlackTeam "London Dragons Kings"]
[Result "1-0"]
[PlyCount "113"]

1. d4 d5 2. c4 e6 3. Nc3 Nf6 4. Bg5 Nbd7 5. e3 h6 6. Bh4 Bb4 7. Qd2 Ne4 8. Bxd8 Nxd2 9. Kxd2 Kxd8 10. Ne2 dxc4 11. Ng3 Bxc3+ 12. bxc3 b5 13. a4 c6 14. axb5 cxb5 15. Ra5 a6 16. Ne4 Rf8 17. Nd6 Rb8 18. Nxc8 Kxc8 19. Rxa6 Rd8 20. Be2 Nc5 21. Rc6+ Kb7 22. Rxc5 Kb6 23. Rb1 Ka6 24. Bf3 Rb6 25. Rc6 Rxc6 26. Bxc6 Rb8 27. Ra1+ Kb6 28. Bxb5 Kc7 29. Bxc4 Rb2+ 30. Ke1 Kd6 31. Bd3 Ke7 32. Rb1 Ra2 33. Rc1 Kf6 34. c4 Ra3 35. Be2 Ke7 36. c5 Kd7 37. e4 Kc6 38. d5+ exd5 39. exd5+ Kxd5 40. c6 Ra8 41. c7 Rc8 42. Ba6 Re8+ 43. Kf1 Kd6 44. c8=Q Rxc8 45. Rxc8 Kd5 46. Ke2 Ke6 47. Rd8 Ke7 48. Rd1 Ke6 49. Kd3 Ke5 50. Kc4 Ke6 51. Kc5 Ke7 52. Kc6 Ke8 53. Kc7 Ke7 54. Re1+ Kf8 55. Bd3 f6 56. Bg6 Kg8 57. Re8# 1-0

[Event "Junior Online 4NCL Division 5"]
[Site "online"]
[Date "2021.03.04"]
[EventDate "2021.03.04"]
[Round "4.37"]
[White "Xu, Jiarui"]
[WhiteElo "1452"]
[WhiteTeam "London Dragons Kings"]
[Black "Bharat Kumar, Balahari"]
[BlackElo "1217"]
[BlackTeam "Desert Penguins Saturn"]
[Result "0-1"]
[PlyCount "106"]

1. e4 c5 2. Nf3 d6 3. Nc3 Nf6 4. d4 cxd4 5. Nxd4 a6 6. Be3 e6 7. Nf3 Be7 8. Be2 O-O 9. O-O b5 10. a3 Bb7 11. Nd2 Nbd7 12. f3 Rc8 13. Nb3 d5 14. exd5 Nxd5 15. Nxd5 Bxd5 16. Qd2 Nb6 17. Na5 Qc7 18. Rac1 Rfd8 19. Qe1 Bf6 20. Qf2 Na4 21. b3 Qxa5 22. bxa4 Qxa4 23. Bb6 Rd6 24. Bc5 Rxc5 25. Qxc5 Bd4+ 26. Qxd4 Qxd4+ 27. Kh1 Qb2 28. Ra1 Qxc2 29. Rfc1 Qxc1+ 30. Rxc1 g6 31. Rc8+ Kg7 32. Rc3 Rc6 33. Rxc6 Bxc6 34. Kg1 Kf6 35. Kf2 Ke5 36. Ke3 Bd5 37. f4+ Kd6 38. g4 Kc5 39. h4 Bb7 40. Kd3 b4 41. axb4+ Kxb4 42. Kd4 a5 43. Bd1 f6 44. g5 f5 45. Ke5 Bd5 46. Kf6 a4 47. Bxa4 Kxa4 48. Kg7 e5 49. fxe5 f4 50. Kxh7 f3 51. Kxg6 f2 52. h5 f1=Q 53. h6 Qf7# 0-1

[Event "Junior Online 4NCL Division 5"]
[Site "online"]
[Date "2021.03.04"]
[EventDate "2021.03.04"]
[Round "4.38"]
[White "Mo, Alex"]
[WhiteElo "1285"]
[WhiteTeam "Desert Penguins Saturn"]
[Black "Fang, Moyao"]
[BlackElo "1367"]
[BlackTeam "London Dragons Kings"]
[Result "0-1"]
[PlyCount "72"]

1. d4 Nf6 2. c4 g6 3. Nc3 Bg7 4. Nf3 O-O 5. Bf4 d6 6. g3 c5 7. d5 Re8 8. Bg2 a6 9. O-O Bd7 10. Qd2 b5 11. b3 Qa5 12. Bh6 Bxh6 13. Qxh6 Qxc3 14. Ng5 bxc4 15. Rac1 Qe5 16. Rxc4 Bb5 17. Rh4 Nbd7 18. Nxh7 Nxh7 19. Qxh7+ Kf8 20. Be4 Bxe2 21. Re1 Bh5 22. Rf4 Qg7 23. Qxg7+ Kxg7 24. g4 g5 25. Rf5 Bg6 26. Rxg5 Kh6 27. h4 Bxe4 28. Rxe4 Nf6 29. Rf4 Rg8 30. Rxg8 Rxg8 31. g5+ Kh5 32. Kf1 Nxd5 33. Rxf7 Kxh4 34. Rf5 e6 35. Rf6 Nxf6 36. gxf6 Rf8 0-1

[Event "Junior Online 4NCL Division 5"]
[Site "online"]
[Date "2021.03.04"]
[EventDate "2021.03.04"]
[Round "4.41"]
[White "Paleri, Adithya P"]
[WhiteElo "1902"]
[WhiteTeam "Kings College School"]
[Black "Bazan, Mateusz"]
[BlackElo "1457"]
[BlackTeam "Charlton Juniors"]
[Result "1-0"]
[PlyCount "59"]

1. d4 Nf6 2. c4 g6 3. Nf3 Bg7 4. g3 b6 5. Bg2 Bb7 6. O-O O-O 7. Nc3 d6 8. b3 Nbd7 9. Bb2 a6 10. Qd3 c5 11. e4 cxd4 12. Nxd4 Nc5 13. Qc2 Qc7 14. Nd5 Nxd5 15. exd5 Rfe8 16. Rae1 e6 17. b4 Bxd4 18. Bxd4 Nd7 19. dxe6 Rxe6 20. Bh3 Rxe1 21. Rxe1 Qc6 22. f3 b5 23. Re7 Ne5 24. Bxe5 dxe5 25. Bg2 Rb8 26. c5 f6 27. Qb3+ Qd5 28. Rxb7 Qxb3 29. Rxb8+ Kf7 30. axb3 1-0

[Event "Junior Online 4NCL Division 5"]
[Site "online"]
[Date "2021.03.04"]
[EventDate "2021.03.04"]
[Round "4.42"]
[White "Verbytski, Oleg"]
[WhiteElo "1336"]
[WhiteTeam "Charlton Juniors"]
[Black "Stewart, Hari"]
[BlackElo "1817"]
[BlackTeam "Kings College School"]
[Result "0-1"]
[PlyCount "152"]

1. e4 c5 2. Nf3 g6 3. d4 cxd4 4. Nxd4 Bg7 5. Be3 Nc6 6. Nc3 Nf6 7. Bc4 Qa5 8. f3 Qb4 9. Bb3 Nxe4 10. Nxc6 Bxc3+ 11. bxc3 Qxc3+ 12. Ke2 Qxc6 13. fxe4 Qxe4 14. Qd4 Qxd4 15. Bxd4 O-O 16. Rhf1 b6 17. Bd5 Ba6+ 18. c4 Rac8 19. Ke3 Bxc4 20. Bxc4 Rxc4 21. Rf2 Rfc8 22. Raf1 f5 23. g4 e6 24. gxf5 exf5 25. Rg1 Re8+ 26. Kd3 Ra4 27. Rgg2 Kf7 28. Rg3 Ra3+ 29. Bc3 Rc8 30. Kd4 b5 31. Ba1 Rc4+ 32. Kd5 Rxg3 33. hxg3 Rg4 34. Be5 Re4 35. Bf4 Kf6 36. Rh2 Ra4 37. Kd6 a5 38. Kxd7 b4 39. Kc6 Ra3 40. Kb5 h5 41. Rg2 g5 42. Bc7 b3 43. axb3 Rxb3+ 44. Kxa5 h4 45. gxh4 gxh4 46. Bd8+ Ke5 47. Bxh4 f4 48. Ka4 Rb1 49. Rf2 Ke4 50. Bg5 f3 51. Ka3 Rb5 52. Bd2 Rb7 53. Ka4 Rg7 54. Kb3 Rg2 55. Rxf3 Kxf3 56. Bc3 Ke3 57. Kc4 Ke4 58. Kb4 Rc2 59. Kc4 Ke3 60. Kb3 Kd3 61. Bb2 Rc6 62. Ba3 Rb6+ 63. Bb4 Rb5 64. Ka4 Kc4 65. Be7 Rb7 66. Bd8 Ra7+ 67. Ba5 Ra6 68. Ka3 Rxa5+ 69. Kb2 Rh5 70. Kc2 Rh3 71. Kb2 Rg3 72. Ka2 Kb4 73. Kb2 Rg2+ 74. Kb1 Kc3 75. Ka1 Kb3 76. Kb1 Rg1# 0-1

[Event "Junior Online 4NCL Division 5"]
[Site "online"]
[Date "2021.03.04"]
[EventDate "2021.03.04"]
[Round "4.43"]
[White "Ali, Shahvez"]
[WhiteElo "1787"]
[WhiteTeam "Kings College School"]
[Black "Williams, Alex"]
[BlackElo "1000"]
[BlackTeam "Charlton Juniors"]
[Result "1-0"]
[PlyCount "73"]

1. c4 e5 2. Nc3 Bc5 3. g3 Nc6 4. Bg2 b6 5. e3 Bb7 6. Nge2 Nge7 7. a3 Na5 8. Bxb7 Nxb7 9. d4 exd4 10. exd4 Bd6 11. b4 c5 12. dxc5 bxc5 13. Nb5 Nc8 14. Bd2 a6 15. Nxd6+ Ncxd6 16. Rc1 O-O 17. O-O Ne4 18. Bf4 a5 19. Qd5 Nc3 20. Nxc3 Qb6 21. bxc5 Nxc5 22. Bd6 Rfc8 23. Bxc5 Qxc5 24. Qxd7 Qxa3 25. Nd5 Rd8 26. Qe7 Qxe7 27. Nxe7+ Kf8 28. Nd5 a4 29. Ra1 f6 30. Nb6 Ra6 31. c5 Ra7 32. Rxa4 Rxa4 33. Nxa4 Rc8 34. Re1 Kf7 35. f4 g5 36. f5 h5 37. h3 1-0

[Event "Junior Online 4NCL Division 5"]
[Site "online"]
[Date "2021.03.04"]
[EventDate "2021.03.04"]
[Round "4.44"]
[White "Gao, Alex"]
[WhiteElo "901"]
[WhiteTeam "Charlton Juniors"]
[Black "O'neill, Kai"]
[BlackElo "1352"]
[BlackTeam "Kings College School"]
[Result "1-0"]
[PlyCount "55"]

1. e4 e5 2. Nf3 Nc6 3. Bc4 Nf6 4. d3 Bc5 5. c3 d6 6. O-O Be6 7. Bxe6 fxe6 8. b4 Bb6 9. Ng5 Qe7 10. Kh1 h6 11. Nh3 O-O-O 12. a4 a6 13. a5 Ba7 14. b5 axb5 15. a6 bxa6 16. Rxa6 Kb7 17. Ra1 g5 18. Qb3 Kb6 19. Be3+ Kb7 20. Qa3 Ra8 21. Qa6+ Kb8 22. Bxa7+ Rxa7 23. Qxb5+ Kc8 24. Rxa7 Nxa7 25. Qa6+ Kb8 26. Nd2 g4 27. Rb1+ Ka8 28. Qb7# 1-0